Tough times bite (Record no. 83526)

MARC details
000 -LEADER
fixed length control field 00761cab a22002175a 4500
001 - CONTROL NUMBER
control field L154197
008 - FIXED-LENGTH DATA ELEMENTS--GENERAL INFORMATION
fixed length control field 111031e20111022xxk 000 0 eng d
035 ## - SYSTEM CONTROL NUMBER
System control number (Sirsi) u154197
041 0# - LANGUAGE CODE
Language code of text/sound track or separate title eng
100 1# - MAIN ENTRY--PERSONAL NAME
Personal name Simmons, Mark
245 00 - TITLE STATEMENT
Title Tough times bite
260 ## - PUBLICATION, DISTRIBUTION, ETC.
Date of publication, distribution, etc. 2011
490 ## - SERIES STATEMENT
Series statement Estates Gazette
Volume/sequential designation (1142) 22 October 2011, 72-81(8)
520 ## - SUMMARY, ETC.
Summary, etc. Features new ways of working for regional office agents. Includes a profile of Instant Offices which provides flexible office space, and looks at the problems of converting offices into residential property.
590 ## - LOCAL NOTE (RLIN)
Local note KA
651 #4 - SUBJECT ADDED ENTRY--GEOGRAPHIC NAME
Geographic name United Kingdom
690 ## - LOCAL SUBJECT ADDED ENTRY--TOPICAL TERM (OCLC, RLIN)
Topical term or geographic name as entry element PROPERTY-COMMERCIAL PROPERTY-COMMERCIAL PROPERTY MARKET
700 1# - ADDED ENTRY--PERSONAL NAME
Personal name Pio Kivlehan, Noella
700 1# - ADDED ENTRY--PERSONAL NAME
Personal name Harris, David
942 ## - ADDED ENTRY ELEMENTS (KOHA)
Suppress in OPAC 0
Holdings
Withdrawn status Lost status Source of classification or shelving scheme Damaged status Not for loan Home library Current library Shelving location Date acquired Total Checkouts Full call number Barcode Date last seen Copy number Price effective from Koha item type
    Dewey Decimal Classification     London London Journal article 31/10/2011   L154197 154197-1001 06/08/2019 1 06/08/2019 Journal article